[Event "Tourn. n9962"]
[Site "www.echecsemail.com"]
[Date "2018.10.05"]
[Round "1"]
[White "Hansen"]
[Black "Roque1"]
[WhiteElo "1610"]
[BlackElo "1880"]
[Result "0-1"]
[Round "1"]
1.e4 e5
2.a3 Nb8c6
3.Bf1b5 Ng8f6
4.g4 Nf6xe4
5.Ng1h3 Qd8h4
6.Qd1f3 d5
7.d3 Ne4f6
8.Bc1g5 Qh4xg4
9.Qf3e3 Bf8d6
10.Rh1g1 Qg4xh3
11.Rg1g3 Qh3xh2
12.Bg5f4 Nf6g4
13.Qe3f3 exf4
14.Rg3g2 Qh2h1
15.Kd2 O-O
16.Qf3xd5 Rf8e8
17.Kc3 Bc8e6
18.Qd5e4 Bd6e5
19.d4 Be5xd4
20.Kd2 Ra8d8
21.f3 Bd4e3
22.Kc3 Qh1e1
23.Nb1d2 Be3xd2
24.Rg2xd2 Qe1xd2

0-1

[Event "Match"]
[Site "www.echecsemail.com"]
[Date "2018.10.05"]
[Round "1"]
[White "Logout"]
[Black "Jaky09"]
[WhiteElo "1499"]
[BlackElo "1499"]
[Result "1-0"]
[Round "1"]
1.f4 d5
2.e3 Bc8f5
3.Ng1f3 Ng8f6
4.c4 dxc4
5.Bf1xc4 e6
6.O-O Bf8c5
7.Nb1c3 O-O
8.d4 Bc5b4
9.a3 Bb4xc3
10.bxc3 Nb8c6
11.a4 Rf8e8
12.Nf3h4 Bf5e4
13.Nh4f3 Nc6a5
14.Bc4b5 c6
15.Bb5d3 Be4xd3
16.Qd1xd3 Na5b3
17.Ra1b1 Nb3a5
18.Bc1d2 c5
19.c4 cxd4
20.Bd2xa5 Qd8xa5
21.Nf3xd4 b6
22.Qd3b3 Qa5c5
23.Qb3b5 Qc5xb5
24.Nd4xb5 Re8c8
25.Rb1c1 a6
26.Nb5d6 Rc8d8
27.Rf1d1 Nf6g4
28.Rc1c3 Kf8
29.h3  { time }
1-0

[Event "Match"]
[Site "www.echecsemail.com"]
[Date "2018.10.05"]
[Round "1"]
[White "Fangshuo"]
[Black "J1j6"]
[WhiteElo "2030"]
[BlackElo "2000"]
[Result "1-0"]
[Round "1"]
1.e4 e5
2.Ng1f3 Nb8c6
3.b3 Ng8f6
4.d3 Bf8c5
5.Nf3xe5 Bc5xf2
6.Kxf2 Nc6xe5
7.Bf1e2 d5
8.Rh1f1 dxe4
9.dxe4 Nf6xe4
10.Kg1 Qd8h4
11.Bc1f4 f6
12.Bf4xe5 fxe5
13.Qd1d5 Ne4d6
14.Qd5xe5 Qh4e7
15.Be2h5 Kd8
16.Qe5d4 Bc8e6
17.Nb1c3 a6
18.Rf1e1 Kc8
19.Bh5g4 Kb8
20.Bg4xe6 Qe7g5
21.Nc3d5 Nd6b5
22.Qd4c4 Rh8f8
23.a4 c6
24.axb5 cxd5
25.Be6xd5 Rf8c8
26.Qc4e4  { time }
1-0

[Event "Tourn. n9919"]
[Site "www.echecsemail.com"]
[Date "2018.10.05"]
[Round "1"]
[White "Kevinking"]
[Black "J1j6"]
[WhiteElo "1970"]
[BlackElo "1900"]
[Result "1-0"]
[Round "1"]
1.Ng1f3 d5
2.c4 dxc4
3.Qd1a4 Nb8c6
4.Qa4xc4 Ng8f6
5.g3 e5
6.d3 Bc8e6
7.Qc4c2 Bf8d6
8.Bf1g2 Qd8d7
9.O-O Be6f5
10.Nb1c3 O-O
11.Rf1d1 Ra8d8
12.Bc1g5 Bd6e7
13.Ra1c1 a6
14.Qc2b1 Nc6d4
15.Nf3xe5 Qd7e6
16.Ne5f3 Nd4c6
17.a3 h6
18.Bg5xf6  { time }
1-0

[Event "Match"]
[Site "www.echecsemail.com"]
[Date "2018.10.05"]
[Round "1"]
[White "Apdash"]
[Black "Karlgrocer"]
[WhiteElo "2150"]
[BlackElo "1940"]
[Result "1-0"]
[Round "1"]
1.e4 c5
2.Ng1f3 d6
3.d4 cxd4
4.Nf3xd4 Ng8f6
5.Nb1c3 e5
6.Bf1b5 Bc8d7
7.Bb5xd7 Nb8xd7
8.Nd4f5 Nd7c5
9.Bc1g5 h6
10.Bg5xf6 Qd8xf6
11.Nc3d5 Qf6d8
12.O-O Nc5xe4
13.f4 Ne4f6
14.fxe5 dxe5
15.c4 Nf6xd5
16.cxd5 g6
17.Nf5g3 Bf8g7
18.Qd1b3 b6
19.d6 O-O
20.Ra1d1 Qd8d7
21.Ng3e4 Ra8c8
22.Rf1f3 Kh7
23.Ne4f6 Bg7xf6
24.Rf3xf6 Kg7
25.Rd1f1 Rc8c6
26.Qb3d5 Rc6c5
27.Qd5d2 Qd7d8
28.b4 Rc5c4
29.Qd2d5 Rc4xb4
30.Qd5xe5 Kg8
31.Qe5d5 Qd8d7
32.Rf6xg6 Kh7
33.Rg6xh6 Kxh6
34.Rf1f6 Kh7
35.Qd5h5 Kg7
36.Qh5g5 Kh7
37.Rf6h6 { resign }
1-0

[Event "Tourn. n9943"]
[Site "www.echecsemail.com"]
[Date "2018.10.05"]
[Round "1"]
[White "Mitja"]
[Black "Osopanda"]
[WhiteElo "1950"]
[BlackElo "1860"]
[Result "1-0"]
[Round "1"]
1.d4 d5
2.e3 Ng8f6
3.c3 c5
4.dxc5 Nb8c6
5.b4 a6
6.a3 e5
7.Bc1b2 Bf8e7
8.Nb1d2 O-O
9.Bf1e2 d4
10.cxd4 exd4
11.exd4 Nc6xd4
12.Be2c4 Bc8e6
13.Bc4xe6 fxe6
14.Ng1f3 Nd4xf3
{ time. }
1-0

[Event "Tourn. n9946"]
[Site "www.echecsemail.com"]
[Date "2018.10.05"]
[Round "1"]
[White "J1j6"]
[Black "Falcoale"]
[WhiteElo "2050"]
[BlackElo "1950"]
[Result "0-1"]
[Round "1"]
1.d4 Ng8f6
2.c4 e6
3.Nb1c3 b6
4.Ng1f3 Bc8b7
5.e3 Bf8b4
6.a3 Bb4xc3
7.bxc3 O-O
8.Bf1d3 h6
9.O-O Nb8c6
 { time }
0-1

[Event "Tourn. n9912"]
[Site "www.echecsemail.com"]
[Date "2018.10.05"]
[Round "1"]
[White "Falcoale"]
[Black "Ditto"]
[WhiteElo "1930"]
[BlackElo "1870"]
[Result "0-1"]
[Round "1"]
1.e4 e5
2.Ng1f3 Nb8c6
3.Bf1b5 a6
4.Bb5a4 Bf8c5
5.O-O d6
6.d4 exd4
7.Nf3xd4 Bc5xd4
8.c3 Bd4a7
9.Qd1e2 Bc8d7
10.Ba4c2 Qd8f6
11.Bc1e3 Nc6e5
12.f3 Bd7b5
13.Qe2e1 Bb5xf1
14.Kxf1 Ng8e7
15.Nb1d2 O-O
16.Be3xa7 Ra8xa7
17.Kg1 b5
18.Nd2b3 Ne7g6
 { time }
0-1

[Event "Tourn. n9869"]
[Site "www.echecsemail.com"]
[Date "2018.10.05"]
[Round "1"]
[White "Osopanda"]
[Black "Falcoale"]
[WhiteElo "1850"]
[BlackElo "1870"]
[Result "1-0"]
[Round "1"]
1.e4 c5
2.Ng1f3 e6
3.d4 cxd4
4.Nf3xd4 Nb8c6
5.Bc1e3 Ng8f6
6.Nb1c3 Bf8b4
7.Nd4xc6 bxc6
8.Bf1d3 O-O
9.O-O Bc8b7
10.e5 Nf6e8
11.Nc3e4 f5
12.exf6 Ne8xf6
13.c3 Bb4e7
14.Ne4xf6 Be7xf6
15.Rf1e1 Qd8c7
16.Qd1h5 g6
17.Bd3xg6 d6
18.Bg6c2 Rf8f7
19.Ra1d1 Qc7e7
20.Be3h6 Ra8d8
21.f4 d5
22.Rd1d3 Bb7c8
23.f5 e5
24.Rd3g3 Kh8
25.Rg3h3 e4
26.Re1e3 Rd8g8
27.Bc2d1 Bf6g5
28.Bh6xg5 Rg8xg5
29.Qh5h4 Bc8xf5
30.Rh3g3 Rg5xg3
31.Qh4xe7 Rg3xg2
32.Kxg2 Rf7xe7
33.h3 c5
34.Bd1g4  { time }
1-0

[Event "Match"]
[Site "www.echecsemail.com"]
[Date "2018.10.05"]
[Round "1"]
[White "Apdash"]
[Black "Emmanuel69"]
[WhiteElo "2040"]
[BlackElo "1900"]
[Result "1-0"]
[Round "1"]
1.d4 d5
2.c4 c6
3.e3 Ng8f6
4.Ng1f3 e6
5.a3 Nb8d7
6.Nb1c3 Bf8e7
7.cxd5 exd5
8.Bf1e2 O-O
9.O-O Rf8e8
10.Qd1c2 h6
11.e4 dxe4
12.Nf3e5 Qd8c7
13.Nc3xe4 Nf6xe4
14.Qc2xe4 Nd7f6
15.Qe4c2 Re8d8
16.Be2c4 Bc8e6
17.Bc4xe6 fxe6
18.Qc2g6 Be7f8
19.Bc1e3 c5
20.Ra1c1 b6
21.Ne5f3 Qc7f7
22.Qg6xf7 Kxf7
23.dxc5 bxc5
24.Be3xc5 Bf8xc5
25.b4 Bc5b6
26.a4 Ra8c8
27.a5 Bb6c7
28.Rc1c4 Bc7d6
29.Rc4xc8 Rd8xc8
30.b5 Bd6b4
31.Nf3e5 Ke8
32.Ne5c6 Bb4c5
33.Rf1c1 Bc5d4
34.h3 e5
35.Rc1d1 a6
36.Nc6xd4 exd4
37.b6 Kd7
38.Rd1xd4 Kc6
39.Rd4c4 Kb7
40.Rc4a4 Nf6d7
41.Ra4e4 Nd7c5
42.Re4e7 Kb8
43.Re7xg7 Nc5b3
44.Rg7a7 Nb3xa5
45.Ra7xa6 Na5b7
46.Ra6a4 Rc8c6
47.Ra4b4 Nb7c5
48.g4 Kb7
49.Kg2 Nc5d7
50.h4 Nd7xb6
51.g5 Kc7
52.f4 Nb6d5
53.Rb4e4 Kd7
54.Kf3 Nd5e7
55.Kg4 Rc6e6
56.Re4d4 Ke8
57.f5 Re6a6
58.f6 Ne7g8
59.Kf5 Ra6a5
60.Kg6 hxg5
61.hxg5 Ra5a6
62.Kg7 Ng8xf6
63.gxf6 Ra6a8
64.f7 Ke7
65.Rd4e4 { resign }
1-0

[Event "Match"]
[Site "www.echecsemail.com"]
[Date "2018.10.05"]
[Round "1"]
[White "Drill64"]
[Black "Caspito"]
[WhiteElo "1799"]
[BlackElo "1870"]
[Result "1-0"]
[Round "1"]
1.Ng1f3 Nb8c6
2.d4 d5
3.g3 Bc8g4
4.Bf1g2 Bg4xf3
5.Bg2xf3 e6
6.O-O Qd8f6
7.c3 O-O-O
8.Qd1a4 g5
9.b4 a6
10.b5 axb5
11.Qa4xb5 Ng8e7
12.a4 Nc6a7
13.Qb5b3 Ne7c6
14.Nb1a3 h5
15.Na3b5 g4
16.Nb5xa7 Nc6xa7
17.Bf3g2 Rd8d6
18.a5 h4
19.Bc1f4 Rd6d7
20.Rf1b1 c6
21.Qb3b6 Na7b5
22.a6 bxa6
23.Qb6b8 
1-0

[Event "Tourn. n9953"]
[Site "www.echecsemail.com"]
[Date "2018.10.05"]
[Round "1"]
[White "Apdash"]
[Black "J1j6"]
[WhiteElo "2150"]
[BlackElo "2070"]
[Result "1-0"]
[Round "1"]
1.e4 e5
2.Ng1f3 Nb8c6
3.Bf1c4 Ng8f6
4.O-O d5
5.exd5 Nf6xd5
6.Rf1e1 f6
7.d4 Nc6a5
8.Bc4xd5 Qd8xd5
9.Nb1c3 Qd5d7
10.Nf3xe5 fxe5
11.Re1xe5 Bf8e7
12.Bc1g5  { time }
1-0

[Event "1/128 Finale"]
[Site "www.chess-mail.com"]
[Date "2018.10.05"]
[Round "1"]
[White "Gandalf50"]
[Black "Jaky09"]
[WhiteElo "2110"]
[BlackElo "1499"]
[Result "1-0"]
[Round "1"]
1.c4 e5
2.Ng1f3 Bf8c5
3.Nf3xe5 Qd8f6
4.d4 Bc5d6
5.Ne5f3 Qf6d8
6.Nb1c3 Ng8f6
7.e4 Bd6b4
8.Bf1d3 O-O
9.e5 Bb4xc3
10.bxc3 Nf6g4
11.Bd3xh7 Kxh7
12.Nf3g5 Kg8
13.Qd1xg4 d6
14.Qg4h5 Bc8f5
15.O-O Bf5g6
16.Qh5g4 dxe5
17.dxe5 Nb8d7
18.f4 f5
19.Qg4g3  { time }
1-0

[Event "Fast Game"]
[Site "www.echecsemail.com"]
[Date "2018.10.05"]
[Round "1"]
[White "Zack1984"]
[Black "Cal"]
[WhiteElo "1700"]
[BlackElo "1630"]
[Result "1-0"]
[Round "1"]
1.b4 Ng8f6
2.Bc1b2 d5
3.Ng1f3 a6
4.e3 h6
5.c4 Bc8g4
6.h3 Bg4xf3
7.Qd1xf3 Nb8c6
8.a3 e6
9.d4 dxc4
10.Bf1xc4 Bf8e7
11.Nb1d2 b5
12.Qf3xc6 Nf6d7
13.Bc4b3 O-O
14.O-O Nd7e5
15.Qc6c3 Ne5g6
16.f4 Ra8c8
17.f5 Be7f6
18.fxg6 Qd8e7
19.gxf7 Rf8xf7
20.Qc3d3 Rc8d8
21.Bb3c2 g6
22.Qd3xg6 Kf8
23.Nd2e4 Rd8d5
24.Ne4xf6 Rd5g5
25.Qg6xh6 Rf7g7
26.Qh6h8 Kf7
27.Nf6d7 Rg5f5
28.Nd7e5 Kf6
29.Qh8h6 { resign }
1-0

[Event "Tourn. n9888"]
[Site "www.echecsemail.com"]
[Date "2018.10.06"]
[Round "1"]
[White "Cathar"]
[Black "Coolant"]
[WhiteElo "2410"]
[BlackElo "2370"]
[Result "1/2-1/2"]
[Round "1"]
1.Ng1f3 Ng8f6
2.g3 d5
3.Bf1g2 Bc8g4
4.h3 Bg4xf3
5.Bg2xf3 e5
6.d3 Nb8d7
7.O-O Bf8c5
8.Bf3g2 O-O
9.c4 c6
10.cxd5 cxd5
11.Nb1c3 d4
12.Nc3a4 Qd8c7
13.Na4xc5 Nd7xc5
14.Bc1g5 Nc5d7
15.Qd1b3 Ra8b8
16.Ra1c1 Qc7d6
17.Qb3c2 Nf6d5
18.a3 Nd7b6
19.Qc2c5 Qd6e6
20.Qc5a5 f6
21.Bg5d2 Rf8f7
22.Rc1c5 Rf7d7
23.Rf1c1 a6
24.Kh2 Rb8d8
25.h4 Rd7d6
26.Bg2h3 Qe6e8
27.b4 Nb6a4
28.Bh3e6 Qe8xe6
29.Qa5xa4 b5
30.Qa4b3 Kf7
31.Qb3c2 h6
32.Rc5c6 g5
33.Rc6xd6 Rd8xd6
34.hxg5 hxg5
35.Kg2 Rd6d7
36.Qc2c6 Rd7c7
37.Qc6xe6 Kxe6
38.Rc1xc7 Nd5xc7
39.Kf1 Nc7d5
40.Ke1 g4
41.Kd1 f5
42.Kc2 f4
43.Kb3 Kf5
44.Kc2 fxg3
45.fxg3 e4
46.Kd1 Ke5
47.Ke1 exd3
48.exd3 Nd5e3
49.Bd2xe3 dxe3
50.Kd1 Kd5
51.Ke1 Ke5
{ draw }
1/2-1/2

[Event "Tourn. n9876"]
[Site "www.echecsemail.com"]
[Date "2018.10.06"]
[Round "1"]
[White "Tartan"]
[Black "Liencam2"]
[WhiteElo "2540"]
[BlackElo "2360"]
[Result "1-0"]
[Round "1"]
1.d4 Ng8f6
2.c4 g6
3.Nb1c3 d6
4.e4 Bf8g7
5.Ng1f3 Nb8d7
6.Bf1e2 e5
7.Bc1e3 O-O
8.O-O Rf8e8
9.d5 h6
10.Nf3d2 Nf6h7
11.a3 Nd7b6
12.Qd1c2 f5
13.f3 f4
14.Be3f2 Nb6d7
15.b4 Nd7f6
16.c5 a6
17.Nc3a4 g5
18.cxd6 cxd6
19.Na4b6 Ra8b8
20.Ra1c1 Bc8d7
21.h3 h5
22.Rf1d1 g4
23.Qc2c7 Qd8e7
24.fxg4 hxg4
25.Nb6xd7 Nf6xd7
26.Be2xg4 Nd7f6
27.Bg4e6 Kh8
28.Bf2b6 Nh7g5
29.Be6f5 Ng5f7
30.Bf5g6 Nf6d7
31.Bb6a7 Rb8a8
32.Qc7xb7 Qe7f6
33.Bg6f5 Nd7f8
34.Bf5c8 Ra8xa7
35.Qb7xa7 Nf7g5
36.Bc8f5 Nf8g6
37.Qa7xa6 f3
38.Rc1c8 f2
39.Kxf2 Ng5xe4
40.Kg1 Qf6xf5
41.Rc8xe8 Kh7
42.Nd2xe4 Qf5xe4
43.Qa6d3 Qe4xd3
44.Rd1xd3 { resign }
1-0

[Event "Match"]
[Site "www.echecsemail.com"]
[Date "2018.10.06"]
[Round "1"]
[White "Gidgud"]
[Black "Micheles"]
[WhiteElo "2330"]
[BlackElo "2540"]
[Result "0-1"]
[Round "1"]
1.e4 c6
2.Nb1c3 d5
3.Ng1f3 Bc8g4
4.h3 Bg4xf3
5.Qd1xf3 e6
6.exd5 cxd5
7.Bf1b5 Nb8c6
8.O-O Bf8e7
9.d3 Ng8f6
10.Rf1e1 O-O
11.Bb5xc6 bxc6
12.Bc1f4 Nf6d7
13.Qf3g3 Be7h4
14.Qg3h2 Qd8b6
15.Nc3d1 Rf8e8
16.a4 e5
17.Bf4xe5 Qb6d4
{ resign }
0-1

[Event "Match"]
[Site "www.echecsemail.com"]
[Date "2018.10.06"]
[Round "1"]
[White "Ztornad"]
[Black "Caspito"]
[WhiteElo "1780"]
[BlackElo "1870"]
[Result "1-0"]
[Round "1"]
1.Nb1c3 Ng8f6
2.Ng1f3 Nb8c6
3.d4 d5
4.b3 e5
5.dxe5 Nf6g4
6.h3 Ng4xe5
7.Nf3xe5 Bf8b4
8.Bc1b2 Nc6xe5
9.a3 Bb4c5
10.Nc3e4 Bc5d6
11.Ne4xd6 Qd8xd6
12.e4 Bc8e6
13.exd5 Be6xd5
14.f4 Ne5c6
15.Qd1e2 Kd7
16.O-O-O Qd6xf4
17.Kb1 Qf4f5
18.Qe2g4 Nc6e7
19.Bf1d3 Qf5xg4
20.hxg4 Bd5xg2
21.Bd3e4 { resign }
1-0

[Event "Match"]
[Site "www.echecsemail.com"]
[Date "2018.10.06"]
[Round "1"]
[White "Lcbunghai"]
[Black "Comrade"]
[WhiteElo "2180"]
[BlackElo "2200"]
[Result "0-1"]
[Round "1"]
1.e4 e6
2.d4 d5
3.e5 c5
4.Ng1f3 Nb8c6
5.c3 cxd4
6.cxd4 Bf8b4
7.Nb1c3 Bc8d7
8.Bf1e2 Ng8e7
9.Bc1g5 O-O
10.O-O h6
11.Bg5h4 g5
12.Bh4g3 Ne7f5
13.a3 Bb4a5
14.Be2b5 Ba5b6
15.Bb5xc6 bxc6
16.Nc3e2 g4
17.Nf3e1 c5
18.Ne1c2 Bd7b5
19.dxc5 Bb6xc5
20.Rf1e1 Nf5xg3
21.Ne2xg3 Qd8g5
22.Nc2d4 Bb5c4
 { time }
0-1

[Event "Tourn. n9887"]
[Site "www.echecsemail.com"]
[Date "2018.10.06"]
[Round "1"]
[White "Fabos12"]
[Black "Falcoale"]
[WhiteElo "1970"]
[BlackElo "1920"]
[Result "1-0"]
[Round "1"]
1.d4 Ng8f6
2.c4 e6
3.Nb1c3 b6
4.Ng1f3 Bc8b7
5.Bc1g5 h6
6.Bg5h4 Bf8e7
7.Bh4xf6 Be7xf6
8.e4 O-O
9.e5 Bf6e7
10.d5 Be7b4
11.Ra1c1 Nb8a6
12.a3 Bb4e7
13.h4 Na6c5
14.b4 Nc5a6
15.Bf1d3 f6
16.d6 cxd6
17.exd6 Be7xd6
18.Nc3b5 Bd6e7
19.Qd1e2 Na6c7
20.Nb5xc7 Qd8xc7
21.Nf3d4 Qc7e5
22.Qe2xe5 fxe5
23.Nd4e2 d6
24.f3 d5
25.cxd5 Bb7xd5
26.Rc1c7 Be7f6
27.Kf2 e4
28.Bd3c2  { time }
1-0

[Event "Tourn. n9963"]
[Site "www.echecsemail.com"]
[Date "2018.10.06"]
[Round "1"]
[White "Fantomas"]
[Black "Mitja"]
[WhiteElo "2090"]
[BlackElo "1960"]
[Result "1-0"]
[Round "1"]
1.e4 d5
2.exd5 Qd8xd5
3.Nb1c3 Qd5e5
4.Bf1e2 e6
5.d4 Qe5d6
6.g3 Ng8f6
7.Bc1f4 Qd6b6
8.Ra1b1 c6
9.Be2f3 Bf8e7
10.Ng1e2 Nf6d5
11.Nc3xd5 cxd5
12.O-O O-O
13.Bf3g2 Nb8c6
14.Bf4e3 f5
15.c4 Qb6c7
16.cxd5 exd5
17.Bg2xd5 Kh8
18.Rb1c1 Bc8d7
19.Bd5g2 Qc7d8
20.d5 Nc6e5
21.Ne2f4 Be7d6
22.Qd1d4 b6
23.Rf1d1 Ra8c8
24.Nf4e6 Bd7xe6
25.dxe6 Rc8xc1
26.Be3xc1 Qd8e7
27.Qd4xd6 Qe7xd6
28.Rd1xd6 { resign }
1-0

[Event "Tourn. n9958"]
[Site "www.echecsemail.com"]
[Date "2018.10.06"]
[Round "1"]
[White "Coolant"]
[Black "Orhany24"]
[WhiteElo "2290"]
[BlackElo "2070"]
[Result "1-0"]
[Round "1"]
1.e4 c5
2.d4 cxd4
3.Ng1f3 Nb8c6
4.Nf3xd4 Ng8f6
5.Nb1c3 d6
6.Bc1g5 e6
7.Qd1d2 a6
8.O-O-O Bf8e7
9.Bg5xf6 gxf6
10.f4 Bc8d7
11.Bf1c4 b5
12.Bc4b3 Qd8b6
13.Nd4xc6 Qb6xc6
14.f5 a5
15.fxe6 fxe6
16.a4 b4
17.Nc3b5 { resign }
1-0

[Event "Tourn. n9933"]
[Site "www.echecsemail.com"]
[Date "2018.10.06"]
[Round "1"]
[White "Apdash"]
[Black "Tarasch"]
[WhiteElo "2080"]
[BlackElo "2190"]
[Result "0-1"]
[Round "1"]
1.d4 Ng8f6
2.c4 c5
3.d5 b5
4.cxb5 a6
5.e3 axb5
6.Bf1xb5 Qd8a5
7.Nb1c3 Bc8b7
8.Bb5c4 e6
9.Bc1d2 Qa5b6
10.e4 Nf6xe4
11.Nc3xe4 exd5
12.Bd2c3 dxc4
13.f3 d5
14.Ne4g3 d4
15.Qd1e2 Bf8e7
16.Qe2xc4 dxc3
17.bxc3 O-O
18.Ng1e2 Bb7a6
19.Qc4e4 Qb6b7
20.Qe4g4 Be7f6
21.Ng3e4 Nb8d7
22.Ne2f4 Rf8e8
23.Kf2 Bf6e5
24.Ra1b1 Qb7c6
25.Rh1d1 Nd7f6
26.Ne4xf6 Qc6xf6
27.Nf4d5 Qf6e6
28.Qg4g5 Ba6c4
29.Rb1b6 Ra8xa2
30.Kg1 Be5d4
31.cxd4 Qe6e1
{ resign }
0-1

[Event "Match"]
[Site "www.echecsemail.com"]
[Date "2018.10.06"]
[Round "1"]
[White "Pinehill"]
[Black "Minorsana"]
[WhiteElo "2080"]
[BlackElo "1459"]
[Result "0-1"]
[Round "1"]
1.e4 e5
2.Ng1f3 Nb8c6
3.Bf1b5 a6
4.Bb5a4 Ng8f6
5.d3 Bf8c5
6.c3 b5
7.Ba4c2 d5
8.O-O O-O
9.Rf1e1 dxe4
10.dxe4 Qd8xd1
11.Re1xd1 Nf6g4
12.Rd1f1 a5
13.h3 Ng4f6
14.Rf1e1 a4
15.a3 Bc8e6
16.Nb1d2 h6
17.b4 axb3
18.Nd2xb3 Bc5d6
19.Bc1b2 Nf6d7
20.Ra1d1 Bd6xa3
21.Bb2xa3 Ra8xa3
22.Nf3d2 b4
23.c4 Nc6d4
24.Nb3xd4 exd4
25.f4 Ra3c3
26.Bc2b3 Nd7c5
27.f5 Be6d7
28.Rd1b1 Rf8a8
29.Re1c1 Ra8a3
30.Bb3c2 d3
31.Bc2d1 Ra3a2
32.Rc1xc3 bxc3
33.Nd2b3 c2
{ resign }
0-1

[Event "1/32 Finale"]
[Site "www.chess-mail.com"]
[Date "2018.10.06"]
[Round "1"]
[White "Gandalf50"]
[Black "Reignblowcan"]
[WhiteElo "2100"]
[BlackElo "2570"]
[Result "1-0"]
[Round "1"]
1.c4 c5
2.Ng1f3 Ng8f6
3.Nb1c3 d5
4.cxd5 Nf6xd5
5.d3 Nd5xc3
6.bxc3 g6
7.g3 Bf8g7
8.Bc1d2 Bc8d7
9.Bf1g2 Bd7c6
10.O-O O-O
11.Qd1c2 Nb8a6
12.a4 Na6c7
13.Qc2c1 b6
14.Rf1d1 Qd8d7
15.Bd2h6 f6
16.a5 e5
17.d4 exd4
18.Bh6xg7 Kxg7
19.cxd4 Qd7e7
20.e4 Rf8d8
21.d5 Bc6b7
22.axb6 axb6
23.Ra1b1 b5
24.Nf3d2 Ra8a2
25.Nd2c4 Qe7d7
26.Qc1e3 Bb7a6
27.Qe3b3 Ra2e2
28.Nc4d2 b4
29.Bg2f3 Re2xd2
30.Rd1xd2 Qd7d6
31.Qb3e3 Nc7b5
32.Rb1a1 Nb5d4
33.Bf3d1 Qd6b6
34.Rd2a2 Ba6b7
35.Ra2a7 { resign }
1-0

[Event "Fast Game"]
[Site "www.echecsemail.com"]
[Date "2018.10.06"]
[Round "1"]
[White "Apdash"]
[Black "Stevep84"]
[WhiteElo "1850"]
[BlackElo "1950"]
[Result "0-1"]
[Round "1"]
1.e4 e5
2.Ng1f3 Nb8c6
3.d4 exd4
4.Nf3xd4 Ng8f6
5.Nd4xc6 bxc6
6.Bf1d3 d5
7.e5 Nf6g4
8.O-O Bf8c5
9.Qd1e2 Qd8h4
10.h3 h5
11.Nb1c3 Qh4g3
12.Bc1f4 Qg3xf4
13.g3 Qf4xg3
{ resign }
0-1

[Event "Tourn. n9911"]
[Site "www.echecsemail.com"]
[Date "2018.10.07"]
[Round "1"]
[White "Aniruddhadg"]
[Black "Ssharp"]
[WhiteElo "2600"]
[BlackElo "2220"]
[Result "0-1"]
[Round "1"]
1.e4 e6
2.d4 d5
3.Nb1c3 Bf8b4
4.e5 c5
5.a3 Bb4xc3
6.bxc3 Ng8e7
7.Qd1g4 Qd8c7
8.Qg4xg7 Rh8g8
9.Qg7xh7 cxd4
10.Ng1e2 Nb8c6
11.f4 dxc3
12.h4 d4
13.h5 Bc8d7
14.h6 O-O-O
15.Qh7d3 Rg8g6
16.h7 Rd8h8
17.Ne2xd4 Nc6xd4
18.Qd3xd4 b6
19.Rh1h3 Ne7f5
20.Qd4b4 Rg6g3
21.Rh3xg3 Nf5xg3
22.Bf1d3 Qc7c5
23.Qb4xc5 bxc5
24.Bc1e3 c4
25.Bd3xc4 Rh8xh7
26.Kf2 { time. }
0-1

[Event "Tourn. n9926"]
[Site "www.echecsemail.com"]
[Date "2018.10.07"]
[Round "1"]
[White "Szustan"]
[Black "Foxy100"]
[WhiteElo "2550"]
[BlackElo "2320"]
[Result "1-0"]
[Round "1"]
1.e4 e5
2.Ng1f3 Nb8c6
3.Nb1c3 Ng8f6
4.d4 exd4
5.Nc3d5 Nc6b4
6.Nf3xd4 Nf6xe4
7.Nd4f5 c6
8.Nd5xb4 Qd8f6
9.Nf5xg7 Qf6xg7
10.Nb4d3 d5
11.g3 Bc8f5
12.Bf1g2 O-O-O
13.O-O Rd8e8
14.Bc1f4 Qg7f6
15.Ra1c1 Bf8h6
16.Bf4xh6 Qf6xh6
17.Qd1f3 Ne4d6
18.Nd3c5 Kb8
19.c4 dxc4
20.Qf3c3 Re8c8
21.b3 b6
22.Qc3b4 Rh8d8
23.Rf1e1 Ka8
24.Nc5a4 Kb8
25.bxc4 Nd6b7
26.Qb4c3 Bf5g4
27.c5 b5
28.Na4b2 Qh6d2
29.Qc3e5 Ka8
30.a4 f6
31.Qe5e7 Rd8d7
32.Qe7xf6 Nb7d8
33.axb5 { resign }
1-0

[Event "Tourn. n9953"]
[Site "www.echecsemail.com"]
[Date "2018.10.07"]
[Round "1"]
[White "Andychesston"]
[Black "Apdash"]
[WhiteElo "2040"]
[BlackElo "2150"]
[Result "0-1"]
[Round "1"]
1.e4 e5
2.Ng1f3 Nb8c6
3.d4 exd4
4.Nf3xd4 d6
5.Nb1c3 Ng8f6
6.Bf1b5 Bc8d7
7.Bc1f4 Nc6xd4
8.Bb5xd7 Qd8xd7
9.Qd1xd4 Bf8e7
10.e5 dxe5
11.Qd4xe5 O-O-O
12.Ra1d1 Be7d6
13.O-O Bd6xe5
14.Rd1xd7 Rd8xd7
15.Bf4xe5 Nf6e8
16.Be5g3 Rd7d2
17.Rf1e1 Rd2xc2
18.h3 Rc2xb2
19.Re1e7 f6
20.Nc3a4 Rb2xa2
21.Na4c3 Ra2a1
22.Kh2 Kd8
23.Re7f7 Ra1c1
24.Nc3e2 Rc1e1
25.Ne2d4 Re1e7
26.Rf7xe7 Kxe7
27.Bg3f4 Ne8d6
28.Bf4xd6 Kxd6
29.Nd4f5 Kd5
30.Nf5xg7 a5
31.Ng7f5 Rh8e8
32.Nf5e3 Re8xe3
{ resign }
0-1

[Event "Match"]
[Site "www.echecsemail.com"]
[Date "2018.10.07"]
[Round "1"]
[White "Apdash"]
[Black "Libiesse"]
[WhiteElo "2110"]
[BlackElo "1920"]
[Result "1/2-1/2"]
[Round "1"]
1.e4 c5
2.Ng1f3 e6
3.d4 cxd4
4.Nf3xd4 a6
5.Nb1c3 Qd8c7
6.Bf1e2 Ng8f6
7.Bc1g5 Bf8e7
8.O-O b5
9.f4 d6
10.Be2f3 Bc8b7
11.Rf1e1 h6
12.Bg5h4 O-O
13.Ra1c1 Rf8d8
14.Qd1e2 Nb8c6
15.Nd4xc6 Bb7xc6
16.e5 dxe5
17.fxe5 Nf6d5
18.Nc3xd5 Bc6xd5
19.Bh4xe7 Qc7xe7
20.b3 Ra8c8
21.Bf3xd5 Rd8xd5
22.Kh1 Rc8c5
23.Qe2h5 Qe7c7
24.c4 Rd5xe5
25.Re1xe5 Rc5xe5
26.Qh5f3 Qc7c8
27.Qf3f4 Re5c5
28.h3 f6
29.Rc1c3 Kf7
30.Qf4g4 Qc8c6
31.Rc3g3 Rc5g5
32.Qg4f4 e5
33.Qf4e3 Rg5xg3
34.Qe3xg3 bxc4
35.Qg3c3 e4
36.bxc4 f5
37.c5 f4
38.Qc3e5 Kg6
39.Qe5xf4 Qc6xc5
40.Qf4xe4 Qc5f5
41.Qe4c6 Qf5f6
42.Qc6c2 { draw }
1/2-1/2

[Event "Tourn. n9964"]
[Site "www.echecsemail.com"]
[Date "2018.10.07"]
[Round "1"]
[White "Fabos12"]
[Black "Bojan"]
[WhiteElo "1900"]
[BlackElo "1860"]
[Result "1-0"]
[Round "1"]
1.d4 c6
2.Ng1f3 d5
3.Bc1f4 Bc8g4
4.Nb1d2 Ng8f6
5.h3 Bg4h5
6.c3 h6
7.g4 Nf6xg4
8.hxg4 Bh5xg4
9.Nf3e5 Bg4e6
10.e4 g5
11.Bf4g3 f6
12.Qd1h5 { resign }
1-0

[Event "Tourn. n9946"]
[Site "www.echecsemail.com"]
[Date "2018.10.07"]
[Round "1"]
[White "Amaya"]
[Black "Libiesse"]
[WhiteElo "2090"]
[BlackElo "1920"]
[Result "1-0"]
[Round "1"]
1.d4 d5
2.e3 e6
3.Bf1d3 Ng8f6
4.Nb1d2 Nb8d7
5.f4 c5
6.c3 cxd4
7.cxd4 Bf8d6
8.Ng1f3 O-O
9.O-O b6
10.Nf3e5 Bc8b7
11.Qd1f3 Ra8c8
12.g4 h6
13.g5 hxg5
14.fxg5 Nf6h7
15.Qf3h5 Nh7xg5
16.Nd2f3 Ng5xf3
17.Rf1xf3 { resign }
1-0

[Event "1/64 Finale"]
[Site "www.chess-mail.com"]
[Date "2018.10.07"]
[Round "1"]
[White "Grischuk2789"]
[Black "Fabos12"]
[WhiteElo "2530"]
[BlackElo "1930"]
[Result "1-0"]
[Round "1"]
1.e4 e6
2.d4 Nb8c6
3.Ng1f3 d5
4.Nb1d2 h6
5.Bf1d3 Bf8e7
6.c3 Bc8d7
7.e5 f6
8.Nf3h4 h5
9.Nh4g6 Rh8h6
10.Nd2b3 Rh6xg6
11.Bd3xg6 Kf8
12.Qd1xh5 Bd7e8
13.f4 Be8xg6
14.Qh5xg6 Qd8e8
15.Qg6xe8 Kxe8
16.Bc1e3 Ng8h6
17.h3 Nh6f5
18.Be3f2 fxe5
19.g4 Nf5h4
20.fxe5 Kd7
21.Ke2 b6
22.Bf2g3 Nc6d8
23.Ra1f1 c5
24.dxc5 bxc5
25.Bg3xh4 Be7xh4
26.Nb3xc5 Ke7
27.Rf1f3 Nd8c6
28.Nc5d3 Ra8b8
29.Rh1f1 Nc6d8
30.Rf3f8 g6
31.Rf8h8 Kd7
32.Rh8xh4 { resign }
1-0

[Event "1/128 Finale"]
[Site "www.chess-mail.com"]
[Date "2018.10.07"]
[Round "1"]
[White "Ranjachess"]
[Black "Remus"]
[WhiteElo "1820"]
[BlackElo "1499"]
[Result "1-0"]
[Round "1"]
1.d4 Ng8f6
2.Bc1f4 e6
3.a3 Nb8c6
4.e3 d6
5.Bf1b5 Bc8d7
6.Bb5xc6 Bd7xc6
7.Ng1f3 Nf6e4
8.h3 g5
9.Bf4h2 h5
10.Rh1g1 f5
11.Nf3d2 Ne4xd2
12.Qd1xd2 Bf8g7
13.Nb1c3 Qd8d7
14.O-O-O O-O-O
15.f4 g4
16.Qd2d3 h4
17.hxg4 fxg4
18.g3 h3
19.e4 d5
20.Rg1f1  { time }
1-0

[Event "Tourn. n9899"]
[Site "www.echecsemail.com"]
[Date "2018.10.08"]
[Round "1"]
[White "Falcoale"]
[Black "Ditto"]
[WhiteElo "1930"]
[BlackElo "1880"]
[Result "0-1"]
[Round "1"]
1.e4 e5
2.Ng1f3 Nb8c6
3.Bf1c4 Ng8f6
4.O-O Bf8c5
5.Nb1c3 d6
6.d3 Bc8g4
7.h3 Bg4d7
8.Nf3h2 Nc6d4
9.Nc3e2 Qd8e7
10.Ne2xd4 Bc5xd4
11.c3 Bd4b6
12.Bc1e3 c5
13.f4 O-O
14.f5 Bd7c6
15.Be3g5 Bb6d8
16.Nh2g4 Qe7c7
17.Ng4xf6 gxf6
18.Bg5h4 Kh8
19.Qd1h5 Qc7e7
20.Rf1f3 b5
21.Bc4b3 Bc6e8
22.Qh5h6 Rf8g8
23.Ra1e1 a5
24.Bb3c2 Rg8g7
25.Rf3g3 Rg7xg3
26.Bh4xg3 Qe7a7
27.Re1e3 c4
28.Bg3f2 Be8c6
 { time }
0-1

[Event "Tourn. n9947"]
[Site "www.echecsemail.com"]
[Date "2018.10.08"]
[Round "1"]
[White "J1j6"]
[Black "Fantomas"]
[WhiteElo "2050"]
[BlackElo "2080"]
[Result "0-1"]
[Round "1"]
1.d4 d5
2.Bc1f4 Bc8f5
3.c4 Ng8f6
4.c5 g6
5.Nb1c3 Bf8g7
6.e3 c6
7.h3 Nb8d7
8.Bf1d3 Bf5xd3
9.Qd1xd3 Nf6h5
10.Bf4h2 O-O
11.g4 Nh5f6
12.f4 e6
13.Ng1f3 b6
14.cxb6 axb6
15.g5 Nf6h5
16.e4 Rf8e8
17.e5 c5
18.dxc5 bxc5
19.b3 Bg7f8
20.O-O Qd8b6
21.Qd3b5 c4
22.Qb5xb6 Nd7xb6
23.bxc4 Nb6xc4
24.a4 Bf8c5
25.Kh1 Bc5e3
26.Nf3h4 Be3d2
27.Nc3b5 Ra8a5
28.Nb5d6 Nc4xd6
 { time }
0-1